[Event "Dresden ZMD op"]
[Site "Dresden"]
[Date "2008.07.24"]
[Round "6"]
[White "Wiese, Phil"]
[Black "Nuber, Korbinian"]
[Result "1/2-1/2"]
[WhiteElo "1949"]
[BlackElo "2140"]
[PlyCount "54"]
[EventDate "2008.07.19"]
[EventType "swiss"]
[EventRounds "9"]
[EventCountry "GER"]
[SourceTitle "CBM 125 Extra"]
[Source "ChessBase"]
[SourceDate "2008.09.01"]
[SourceVersion "1"]
[SourceVersionDate "2008.09.01"]
[SourceQuality "1"]

1. d4 Nf6 2. Nf3 g6 3. Nbd2 d5 4. g3 Bg7 5. Bg2 0-0 6. 0-0 Bg4 7. Ne5 c6 8. c3 Nbd7 9. Nxg4 Nxg4 10. e4 Ngf6 11. e5 Ne8 12. f4 f5 13. Qb3 Rb8 14. c4 e6 15. Qc3 dxc4 16. Nxc4 Rf7 17. a4 Bf8 18. b3 Nb6 19. Ba3 Nd5 20. Bxd5 cxd5 21. Bxf8 Kxf8 22. Nb2 Rc7 23. Qd2 Rbc8 24. Rac1 Rxc1 25. Rxc1 Rxc1+ 26. Qxc1 Qb6 27. Qc3 Nc7 1/2-1/2

[Event "Dresden ZMD op"]
[Site "Dresden"]
[Date "2008.07.20"]
[Round "2"]
[White "Wiese, Phil"]
[Black "Horvath, Peter"]
[Result "0-1"]
[WhiteElo "1949"]
[BlackElo "2490"]
[PlyCount "46"]
[EventDate "2008.07.19"]
[EventType "swiss"]
[EventRounds "9"]
[EventCountry "GER"]
[SourceTitle "CBM 125 Extra"]
[Source "ChessBase"]
[SourceDate "2008.09.01"]
[SourceVersion "1"]
[SourceVersionDate "2008.09.01"]
[SourceQuality "1"]

1. e4 c5 2. c3 d5 3. exd5 Qxd5 4. d4 Nf6 5. Nf3 e6 6. Na3 Nc6 7. Be3 cxd4 8. Nb5 Qd8 9. Nbxd4 Nxd4 10. Qxd4 Qxd4 11. Bxd4 Bd6 12. Rd1 Ke7 13. Bd3 Rd8 14. 0-0 b6 15. Ne5 Bb7 16. Rd2 Ne4 17. Bxe4 Bxe4 18. Nc4 Bf4 19. Be3 Bxe3 20. fxe3 Bd5 21. Ne5 f6 22. Nf3 Bxa2 23. Nd4 Bd5 0-1

[Event "GER-chT U20"]
[Site "Kelheim"]
[Date "2007.12.27"]
[Round "1.6"]
[White "Wiese, Phil"]
[Black "Friedrich, Jan Niklas"]
[Result "1-0"]
[WhiteElo "1898"]
[BlackElo "1507"]
[PlyCount "69"]
[EventDate "2007.12.27"]
[EventType "team-swiss"]
[EventRounds "7"]
[EventCountry "GER"]
[SourceTitle "EXT 2022"]
[Source "ChessBase"]
[SourceDate "2021.10.06"]
[SourceVersion "1"]
[SourceVersionDate "2021.10.06"]
[SourceQuality "1"]
[WhiteTeam "Hamburger SK U20"]
[BlackTeam "Hettstedt U20"]
[WhiteTeamCountry "GER"]
[BlackTeamCountry "GER"]

1. e4 e6 2. d4 d5 3. Nc3 c5 4. exd5 exd5 5. Nf3 Nf6 6. Bg5 Be6 7. Bb5+ Nc6 8. 0-0 a6 9. Bxc6+ bxc6 10. Re1 Be7 11. dxc5 Bxc5 12. Na4 Be7 13. Nd4 Qd6 14. g3 0-0 15. Bf4 Qb4 16. c3 Qb7 17. Nxe6 fxe6 18. Rxe6 Ne4 19. f3 Kf7 20. Rxe7+ Qxe7 21. fxe4 Qxe4 22. Nc5 Qe7 23. Nd3 Kg8 24. Qe1 Qf6 25. Qe5 Qg6 26. Qd4 Rae8 27. Ne5 Qc2 28. b4 Rf5 29. Qd3 Qxd3 30. Nxd3 g5 31. Bd2 Re2 32. Rd1 Rf3 33. Bxg5 Rxa2 34. Bf4 Ra3 35. Kg2 1-0

[Event "Dresden ZMD op"]
[Site "Dresden"]
[Date "2007.07.23"]
[Round "3"]
[White "Fischer, Andre"]
[Black "Wiese, Phil"]
[Result "1-0"]
[WhiteElo "2169"]
[BlackElo "1968"]
[PlyCount "105"]
[EventDate "2007.07.21"]
[EventType "swiss"]
[EventRounds "9"]
[EventCountry "GER"]
[SourceTitle "EXT 2008"]
[Source "ChessBase"]
[SourceDate "2007.11.25"]
[SourceVersion "1"]
[SourceVersionDate "2007.11.25"]
[SourceQuality "1"]

1. e4 c5 2. c3 d5 3. exd5 Qxd5 4. d4 Nf6 5. Nf3 Bg4 6. Be2 e6 7. h3 Bh5 8. 0-0 Nc6 9. Be3 cxd4 10. cxd4 Be7 11. Nc3 Qd6 12. a3 0-0 13. Qb3 Rfd8 14. Rfd1 a6 15. Rac1 b5 16. d5 Na5 17. Qa2 exd5 18. g4 Bg6 19. g5 Ne4 20. Nxd5 Qe6 21. Rc7 Bd6 22. Ne7+ Bxe7 23. Qxe6 fxe6 24. Rxe7 Rxd1+ 25. Bxd1 Re8 26. Ra7 Nc4 27. Bc1 Nc5 28. Be2 Bd3 29. Bxd3 Nxd3 30. Be3 Nxe3 31. fxe3 Nxb2 32. Rxa6 e5 33. Rb6 Nc4 34. Rxb5 Nxa3 35. Rxe5 Rc8 36. Kf2 Nc4 37. Rd5 Re8 38. Rd1 Rxe3 39. Rd8+ Kf7 40. Rd4 Rc3 41. Rxc4 Rxc4 42. Ne5+ Ke6 43. Nxc4 Kf5 44. h4 Kg4 45. Ke3 Kxh4 46. Kf4 Kh5 47. Ne5 Kh4 48. Ng4 Kh5 49. Kf5 Kh4 50. Nf6 g6+ 51. Kf4 Kh3 52. Nxh7 Kh4 53. Ke5 1-0

[Event "Hamburg-ch int 10th"]
[Site "Hamburg"]
[Date "2007.06.02"]
[Round "8"]
[White "Wiese, Phil"]
[Black "Albers, Andreas"]
[Result "1-0"]
[WhiteElo "1967"]
[BlackElo "1998"]
[PlyCount "65"]
[EventDate "2007.05.26"]
[EventType "swiss"]
[EventRounds "9"]
[EventCountry "GER"]
[SourceTitle "CBM 118 Extra"]
[Source "ChessBase"]
[SourceDate "2007.07.04"]
[SourceVersion "1"]
[SourceVersionDate "2007.07.04"]
[SourceQuality "1"]

1. e4 c5 2. c3 Qa5 3. Nf3 b5 4. d4 cxd4 5. Nxd4 a6 6. Bd3 Bb7 7. 0-0 d6 8. Be3 Nf6 9. Nd2 e5 10. N4b3 Qd8 11. a4 bxa4 12. Rxa4 Be7 13. Na5 Qc7 14. Qb3 Bc6 15. Nxc6 Nxc6 16. Bxa6 0-0 17. Rfa1 Rab8 18. Qa2 Ng4 19. Nf1 Nxe3 20. Nxe3 Bg5 21. Nd5 Qd7 22. Be2 Kh8 23. b4 f5 24. b5 Nd8 25. Ra7 Qe6 26. Qc4 Rc8 27. Qd3 fxe4 28. Qxe4 Rc5 29. c4 Nf7 30. b6 Nd8 31. h4 Bf6 32. Bd3 g6 33. Rxh7+ 1-0

[Event "Saarbruecken-chT U20"]
[Site "Saarbruecken"]
[Date "2006.11.22"]
[Round "3.5"]
[White "Wittke, Rene"]
[Black "Wiese, Phil"]
[Result "1-0"]
[WhiteElo "1906"]
[BlackElo "1948"]
[PlyCount "193"]
[EventDate "2006.11.??"]
[EventType "team"]
[EventRounds "7"]
[EventCountry "GER"]
[SourceTitle "EXT 2008"]
[Source "ChessBase"]
[SourceDate "2007.11.25"]
[SourceVersion "1"]
[SourceVersionDate "2007.11.25"]
[SourceQuality "1"]

1. e4 c5 2. Nc3 e6 3. g3 g6 4. Bg2 Bg7 5. d3 Ne7 6. Be3 d6 7. Qd2 0-0 8. Bh6 Nbc6 9. Bxg7 Kxg7 10. f4 Rb8 11. Nf3 b5 12. 0-0 Qc7 13. Rae1 b4 14. Nd1 f5 15. e5 d5 16. Ne3 Ba6 17. Ng5 Nd8 18. Bh3 h6 19. Nf3 d4 20. Nc4 Bxc4 21. dxc4 Ndc6 22. Nh4 Kh7 23. Qe2 a5 24. Rd1 a4 25. b3 axb3 26. cxb3 Ra8 27. Bg2 Qa5 28. Rf2 Qc7 29. g4 Rg8 30. gxf5 gxf5 31. Qh5 Ng6 32. Nxg6 Rxg6 33. Kf1 Rd8 34. Rd3 Ne7 35. Qf3 Rdg8 36. Ke2 Qa7 37. Kd1 Rg4 38. h3 R4g7 39. Qb7 Qxb7 40. Bxb7 Rg3 41. Rff3 Rg2 42. Rd2 Rxd2+ 43. Kxd2 Rg2+ 44. Kd1 Rxa2 45. Rg3 Rf2 46. Bf3 Ng6 47. Bh5 Nxf4 48. Bf7 Rf1+ 49. Kd2 Rf2+ 50. Kd1 Rg2 51. Bg8+ Kh8 52. Rxg2 Nxg2 53. Bxe6 Ne3+ 54. Ke2 Kg7 55. Kf3 Kg6 56. h4 Kg7 57. Kf4 Kf8 58. Bd7 Ke7 59. Bc6 Ke6 60. Bf3 Ke7 61. Be2 Kf7 62. Bf3 Ke6 63. h5 Kf7 64. Be2 Ke7 65. Bf3 Ke6 66. Be2 Ng2+ 67. Kg3 Ne1 68. Kf4 d3 69. Bd1 Nc2 70. Bf3 Nd4 71. Bd1 Ne2+ 72. Ke3 Nc3 73. Bf3 Kxe5 74. Kxd3 Ne4 75. Ke3 f4+ 76. Kd3 Ng5 77. Bg4 f3 78. Ke3 f2 79. Kxf2 Kd4 80. Bd1 Kc3 81. Kg3 Kd2 82. Bg4 Kc3 83. Bd1 Ne4+ 84. Kf4 Nd2 85. Kf5 Nxb3 86. Kg6 Nd4 87. Kxh6 b3 88. Bxb3 Kxb3 89. Kg6 Ne6 90. Kf6 Nf8 91. Kg7 Ne6+ 92. Kf6 Nf4 93. h6 Nh5+ 94. Kg5 Ng3 95. h7 Ne4+ 96. Kg6 Nf6 97. Kxf6 1-0

[Event "Saarbruecken-chT U20"]
[Site "Saarbruecken"]
[Date "2006.11.21"]
[Round "1.5"]
[White "Wiese, Phil"]
[Black "Duenzel, Jonas"]
[Result "1-0"]
[WhiteElo "1948"]
[BlackElo "1883"]
[PlyCount "97"]
[EventDate "2006.11.??"]
[EventType "team"]
[EventRounds "7"]
[EventCountry "GER"]
[SourceTitle "EXT 2008"]
[Source "ChessBase"]
[SourceDate "2007.11.25"]
[SourceVersion "1"]
[SourceVersionDate "2007.11.25"]
[SourceQuality "1"]

1. e4 c5 2. c3 Nf6 3. e5 Nd5 4. d4 cxd4 5. cxd4 d6 6. Bc4 Nb6 7. Bb3 dxe5 8. Qh5 e6 9. dxe5 Nc6 10. Nf3 Na5 11. 0-0 Nxb3 12. axb3 g6 13. Qg4 Bg7 14. Bg5 Qc7 15. Rc1 Qd7 16. Nc3 h6 17. Rd1 Nd5 18. Nxd5 exd5 19. Qxd7+ Bxd7 20. Be3 Bc6 21. Bxa7 0-0 22. Bd4 Rfe8 23. Rxa8 Rxa8 24. Ne1 Bb5 25. f4 Rc8 26. Bc3 Rd8 27. Nc2 Bf8 28. b4 Ba4 29. Rd2 Bxc2 30. Rxc2 Rd7 31. Rd2 Be7 32. Kf2 Kf8 33. g4 Ke8 34. f5 gxf5 35. gxf5 Bg5 36. Rd1 Ke7 37. Kf3 f6 38. e6 Rd6 39. Bd4 b6 40. Ra1 Rc6 41. Ra7+ Ke8 42. Rd7 Rc4 43. Rxd5 Rxb4 44. Rd6 Rb3+ 45. Ke4 b5 46. Rb6 Rb4 47. Rb8+ Ke7 48. Kd5 Rxd4+ 49. Kxd4 1-0

[Event "Dresden ZMD op"]
[Site "Dresden"]
[Date "2006.08.06"]
[Round "2"]
[White "Meister, Jakob"]
[Black "Wiese, Phil"]
[Result "1-0"]
[WhiteElo "2504"]
[BlackElo "1952"]
[PlyCount "76"]
[EventDate "2006.08.05"]
[EventType "swiss"]
[EventRounds "9"]
[EventCountry "GER"]
[SourceTitle "CBM 113 Extra"]
[Source "ChessBase"]
[SourceDate "2006.09.14"]
[SourceVersion "1"]
[SourceVersionDate "2006.09.14"]
[SourceQuality "1"]

1. Nf3 c5 2. g3 Nc6 3. Bg2 Nf6 4. 0-0 g6 5. d3 d5 6. Bg5 Bg7 7. Qc1 h6 8. Bd2 Bf5 9. Na3 Qd7 10. c4 d4 11. Nc2 Bh3 12. b4 cxb4 13. Nxb4 Bxg2 14. Kxg2 h5 15. Nxc6 bxc6 16. Rb1 h4 17. gxh4 0-0 18. Kh1 Ng4 19. Bf4 e5 20. Bg3 f5 21. h3 e4 22. hxg4 exf3 23. exf3 fxg4 24. f4 c5 25. Re1 Bh6 26. Re4 Qc6 27. Qd2 Rae8 28. Rbe1 Rxe4 29. Rxe4 Re8 30. Qe2 Rxe4 31. dxe4 Qe6 32. Kg1 Kf7 33. Qd3 Kf6 34. h5 gxh5 35. e5+ Kf7 36. Qh7+ Kf8 37. f5 Qb6 38. e6 Qb1+ 1-0

[Event "Bielefeld Gr3"]
[Site "Bielefeld"]
[Date "2006.06.05"]
[Round "7"]
[White "Wiese, Phil"]
[Black "Placke, Jens"]
[Result "1/2-1/2"]
[WhiteElo "1849"]
[BlackElo "1791"]
[PlyCount "38"]
[EventDate "2006.06.02"]
[EventType "tourn"]
[EventRounds "7"]
[EventCountry "GER"]
[SourceTitle "EXT 2007"]
[Source "ChessBase"]
[SourceDate "2006.11.23"]
[SourceVersion "1"]
[SourceVersionDate "2006.11.23"]
[SourceQuality "1"]

1. e4 c5 2. c3 d6 3. d4 Nd7 4. Nf3 e6 5. Bd3 Be7 6. 0-0 e5 7. d5 Ngf6 8. Ne1 c4 9. Bxc4 Nxe4 10. Qe2 f5 11. f4 0-0 12. Be3 Kh8 13. Nf3 Bf6 14. Nbd2 Nxd2 15. Qxd2 e4 16. Nd4 Bxd4 17. Bxd4 Nf6 18. Bb3 Qa5 19. Rad1 Bd7 1/2-1/2

[Event "Bielefeld Gr3"]
[Site "Bielefeld"]
[Date "2006.06.02"]
[Round "1"]
[White "Calder, Dennis"]
[Black "Wiese, Phil"]
[Result "0-1"]
[WhiteElo "1866"]
[BlackElo "1849"]
[PlyCount "94"]
[EventDate "2006.06.02"]
[EventType "tourn"]
[EventRounds "7"]
[EventCountry "GER"]
[SourceTitle "EXT 2007"]
[Source "ChessBase"]
[SourceDate "2006.11.23"]
[SourceVersion "1"]
[SourceVersionDate "2006.11.23"]
[SourceQuality "1"]

1. d4 Nf6 2. Bg5 c5 3. Bxf6 exf6 4. dxc5 Bxc5 5. c3 Qb6 6. e3 Qxb2 7. Nd2 0-0 8. Ne2 Qb6 9. Rb1 Qc7 10. Nf4 b6 11. Nd5 Qd8 12. Ne4 Na6 13. Bd3 Be7 14. Qh5 g6 15. Qf3 f5 16. Nxe7+ Qxe7 17. Nf6+ Qxf6 18. Qxa8 Qxc3+ 19. Ke2 Nc5 20. Qd5 Bb7 21. Qc4 Qxd3+ 22. Qxd3 Nxd3 23. Rbd1 Nc5 24. a4 Nxa4 25. Rc1 Ba6+ 26. Kf3 Nc5 27. Rhd1 Rc8 28. Ra1 Rc7 29. Rac1 Kf8 30. h4 Ke7 31. h5 g5 32. Rd4 g4+ 33. Kg3 Rc6 34. Ra1 Rc7 35. Rf4 Kf6 36. Kh4 Bd3 37. f3 gxf3 38. gxf3 Ke6 39. Kg5 f6+ 40. Kh6 d5 41. e4 dxe4 42. fxe4 fxe4 43. Rd1 b5 44. Re1 b4 45. Rfxe4+ Nxe4 46. Rxe4+ Kf7 47. Re7+ Kxe7 0-1

[Event "Hamburg Junge op"]
[Site "Hamburg"]
[Date "2005.10.07"]
[Round "7"]
[White "Wiese, Phil"]
[Black "Schulze, Joachim"]
[Result "1/2-1/2"]
[WhiteElo "1961"]
[BlackElo "2030"]
[PlyCount "35"]
[EventDate "2005.10.01"]
[EventType "swiss"]
[EventRounds "9"]
[EventCountry "GER"]
[SourceTitle "CBM 108 Extra"]
[Source "ChessBase"]
[SourceDate "2005.11.04"]
[SourceVersion "1"]
[SourceVersionDate "2005.11.04"]
[SourceQuality "1"]

1. e4 c6 2. Nc3 d5 3. Qf3 dxe4 4. Nxe4 Nf6 5. Nxf6+ exf6 6. c3 Bd6 7. d4 0-0 8. Bd3 Re8+ 9. Ne2 Nd7 10. 0-0 Nf8 11. Ng3 Ng6 12. Be3 Qc7 13. Rfe1 Be6 14. b3 Nf4 15. Bxf4 Bxf4 16. c4 Bxg3 17. hxg3 Bd7 18. Re4 1/2-1/2

[Event "Hamburg Junge op"]
[Site "Hamburg"]
[Date "2005.10.01"]
[Round "1"]
[White "Wiese, Phil"]
[Black "Stellwagen, Robin"]
[Result "0-1"]
[WhiteElo "1961"]
[BlackElo "2167"]
[PlyCount "102"]
[EventDate "2005.10.01"]
[EventType "swiss"]
[EventRounds "9"]
[EventCountry "GER"]
[SourceTitle "CBM 108 Extra"]
[Source "ChessBase"]
[SourceDate "2005.11.04"]
[SourceVersion "1"]
[SourceVersionDate "2005.11.04"]
[SourceQuality "1"]

1. e4 c5 2. c3 d5 3. exd5 Qxd5 4. d4 Nf6 5. Nf3 Bg4 6. Be2 e6 7. 0-0 Nc6 8. Be3 cxd4 9. Nxd4 Bxe2 10. Qxe2 Be7 11. Nb5 Qe5 12. f4 Qb8 13. Nd4 Nxd4 14. Bxd4 Bd6 15. Bxf6 gxf6 16. g3 h5 17. h4 Qc7 18. Nd2 0-0-0 19. Ne4 Rdg8 20. Kh2 Be7 21. Rad1 Rg4 22. Rd4 Kb8 23. Qc4 Qxc4 24. Rxc4 f5 25. Nf2 Rg7 26. Rd1 Rhg8 27. Nh1 Rg4 28. Kh3 Rd8 29. Rxd8+ Bxd8 30. Nf2 Rg8 31. Rd4 Bb6 32. Rd2 Bxf2 33. Rxf2 Rd8 34. Kg2 Kc7 35. Kf1 Rd3 36. Rg2 Kc6 37. Ke2 Rd5 38. Ke3 Kc5 39. b3 Rd8 40. Rf2 b5 41. a3 Rd1 42. Rd2 Rxd2 43. Kxd2 a5 44. Kd3 a4 45. b4+ Kd5 46. c4+ bxc4+ 47. Kc3 f6 48. Kc2 e5 49. Kc3 e4 50. Kc2 Kd4 51. Kd1 c3 0-1

[Event "Norderstedt op 5th"]
[Site "Norderstedt"]
[Date "2005.03.28"]
[Round "3.20"]
[White "Foelsing, Kilian Moritz"]
[Black "Wiese, Phil"]
[Result "1/2-1/2"]
[WhiteElo "1845"]
[BlackElo "1504"]
[PlyCount "56"]
[EventDate "2005.03.27"]
[EventType "swiss"]
[EventRounds "7"]
[EventCountry "GER"]
[SourceTitle "EXT 2006"]
[Source "ChessBase"]
[SourceDate "2005.11.24"]
[SourceVersion "1"]
[SourceVersionDate "2005.11.24"]
[SourceQuality "1"]

1. e4 e6 2. d4 d5 3. Nc3 Bb4 4. exd5 exd5 5. Bd2 c6 6. Bd3 Nf6 7. a3 Bd6 8. Qe2+ Qe7 9. 0-0-0 0-0 10. Qxe7 Bxe7 11. Re1 Bd6 12. Nf3 Bg4 13. Ne5 Bh5 14. h3 Bg6 15. Nxg6 hxg6 16. g4 Nbd7 17. f4 Rfe8 18. Ne2 Re7 19. Ng3 Rae8 20. Kd1 Nb6 21. Rxe7 Rxe7 22. g5 Nh5 23. f5 Na4 24. Bc1 Bxa3 25. f6 Re8 26. bxa3 Nc3+ 27. Kd2 Nb1+ 28. Kd1 Nc3+ 1/2-1/2

[Event "Norderstedt op 5th"]
[Site "Norderstedt"]
[Date "2005.03.28"]
[Round "6.20"]
[White "Wiese, Phil"]
[Black "Schwerdtfeger, Wolfgang"]
[Result "1/2-1/2"]
[WhiteElo "1504"]
[BlackElo "1887"]
[PlyCount "71"]
[EventDate "2005.03.27"]
[EventType "swiss"]
[EventRounds "7"]
[EventCountry "GER"]
[SourceTitle "EXT 2006"]
[Source "ChessBase"]
[SourceDate "2005.11.24"]
[SourceVersion "1"]
[SourceVersionDate "2005.11.24"]
[SourceQuality "1"]

1. e4 c5 2. c3 d5 3. exd5 Qxd5 4. d4 cxd4 5. cxd4 Qa5+ 6. Nc3 Nf6 7. Nf3 e6 8. Bd2 Qd8 9. Bc4 Be7 10. 0-0 0-0 11. Bf4 Bd7 12. d5 exd5 13. Bxd5 Nc6 14. Bb3 Na5 15. Nd5 Nxd5 16. Qxd5 Nxb3 17. Qxb3 Qb6 18. Qxb6 axb6 19. a3 Bc6 20. Nd4 Bd5 21. Be3 Bf6 22. Rfd1 Be4 23. Rac1 Be5 24. Rc4 Rfd8 25. Rd2 Rac8 26. Rxc8 Rxc8 27. f3 Bg6 28. g3 h6 29. Nb5 Rc1+ 30. Kg2 Rc2 31. Rxc2 Bxc2 32. Bd4 Ba4 33. Bxe5 Bxb5 34. Bc7 f5 35. Bxb6 Kf7 36. Kf2 1/2-1/2

[Event "Norderstedt op 5th"]
[Site "Norderstedt"]
[Date "2005.03.27"]
[Round "5.22"]
[White "Janitzek, Nils"]
[Black "Wiese, Phil"]
[Result "1/2-1/2"]
[WhiteElo "1624"]
[BlackElo "1504"]
[PlyCount "40"]
[EventDate "2005.03.27"]
[EventType "swiss"]
[EventRounds "7"]
[EventCountry "GER"]
[SourceTitle "EXT 2006"]
[Source "ChessBase"]
[SourceDate "2005.11.24"]
[SourceVersion "1"]
[SourceVersionDate "2005.11.24"]
[SourceQuality "1"]

1. e4 e6 2. d4 d5 3. e5 c5 4. c3 Nc6 5. Be3 Qb6 6. Qd2 cxd4 7. cxd4 Nge7 8. Nf3 Nf5 9. Nc3 Nxe3 10. fxe3 Bb4 11. Bd3 Bd7 12. 0-0 0-0 13. Qe2 Bxc3 14. bxc3 Ne7 15. Bxh7+ Kxh7 16. Ng5+ Kg6 17. Qg4 f5 18. exf6 Nf5 19. Nxe6+ Kf7 20. Qxf5 Qxe6 1/2-1/2

[Event "Norderstedt op 5th"]
[Site "Norderstedt"]
[Date "2005.03.27"]
[Round "2.17"]
[White "Wiese, Phil"]
[Black "Schmidt, Jade"]
[Result "1/2-1/2"]
[WhiteElo "1504"]
[BlackElo "1719"]
[PlyCount "49"]
[EventDate "2005.03.27"]
[EventType "swiss"]
[EventRounds "7"]
[EventCountry "GER"]
[SourceTitle "EXT 2006"]
[Source "ChessBase"]
[SourceDate "2005.11.24"]
[SourceVersion "1"]
[SourceVersionDate "2005.11.24"]
[SourceQuality "1"]

1. e4 c5 2. c3 Nf6 3. e5 Nd5 4. d4 cxd4 5. cxd4 e6 6. Bc4 Nb6 7. Bb3 d6 8. Nf3 Bd7 9. 0-0 Bc6 10. Bf4 N8d7 11. Nc3 dxe5 12. Nxe5 Nxe5 13. dxe5 Qxd1 14. Rfxd1 Be7 15. Be3 Nd7 16. f4 Nc5 17. Bc4 a6 18. Rac1 0-0 19. Be2 Rfd8 20. Kf2 Rac8 21. g3 Kf8 22. Kf1 Ke8 23. Ke1 b5 24. b4 Ne4 25. a3 1/2-1/2

[Event "Hamburg State-ch U16"]
[Site "Cuxhaven"]
[Date "2005.03.17"]
[Round "8"]
[White "Maiorov, Daniel"]
[Black "Wiese, Phil"]
[Result "1/2-1/2"]
[WhiteElo "1648"]
[BlackElo "1504"]
[PlyCount "24"]
[EventDate "2005.03.12"]
[EventType "swiss"]
[EventRounds "9"]
[EventCountry "GER"]
[SourceTitle "EXT 2007"]
[Source "ChessBase"]
[SourceDate "2006.11.23"]
[SourceVersion "1"]
[SourceVersionDate "2006.11.23"]
[SourceQuality "1"]

1. e4 e6 2. d4 d5 3. exd5 exd5 4. Nf3 Bg4 5. Bd3 Bd6 6. Be3 Qd7 7. Nbd2 Ne7 8. Nf1 Nbc6 9. Ng3 0-0-0 10. h3 Bxg3 11. fxg3 Bh5 12. Bf4 Rde8 1/2-1/2

[Event "Hamburg State-ch U16"]
[Site "Cuxhaven"]
[Date "2005.03.14"]
[Round "4"]
[White "Puttfarken, Stefan"]
[Black "Wiese, Phil"]
[Result "1/2-1/2"]
[WhiteElo "1520"]
[BlackElo "1504"]
[PlyCount "35"]
[EventDate "2005.03.12"]
[EventType "swiss"]
[EventRounds "9"]
[EventCountry "GER"]
[SourceTitle "EXT 2007"]
[Source "ChessBase"]
[SourceDate "2006.11.23"]
[SourceVersion "1"]
[SourceVersionDate "2006.11.23"]
[SourceQuality "1"]

1. e4 e6 2. d4 d5 3. exd5 exd5 4. Bd3 Bd6 5. Ne2 Nc6 6. 0-0 Bg4 7. f3 Bh5 8. c3 Nge7 9. b4 Qd7 10. Nd2 Bg6 11. Nb3 b6 12. Be3 0-0 13. Bf2 Nf5 14. Ng3 Nxg3 15. Bxg3 Bxg3 16. hxg3 Qd6 17. Kf2 Rfe8 18. Qd2 1/2-1/2

[Event "Hamburg State-ch U16"]
[Site "Cuxhaven"]
[Date "2005.03.14"]
[Round "3"]
[White "Wiese, Phil"]
[Black "Oehlke, Jan Philipp"]
[Result "1-0"]
[WhiteElo "1504"]
[BlackElo "1579"]
[PlyCount "46"]
[EventDate "2005.03.12"]
[EventType "swiss"]
[EventRounds "9"]
[EventCountry "GER"]
[SourceTitle "EXT 2007"]
[Source "ChessBase"]
[SourceDate "2006.11.23"]
[SourceVersion "1"]
[SourceVersionDate "2006.11.23"]
[SourceQuality "1"]

1. e4 e5 2. Nc3 Nc6 3. f4 d6 4. Nf3 Bg4 5. Bb5 a6 6. Bxc6+ bxc6 7. fxe5 dxe5 8. 0-0 Bc5+ 9. Kh1 f6 10. Qe1 Ne7 11. Qg3 h5 12. h3 Qd6 13. hxg4 hxg4+ 14. Nh2 f5 15. d3 f4 16. Qxg4 Kf7 17. Rf3 g5 18. Rh3 Rxh3 19. gxh3 Rh8 20. Nf3 Qh6 21. Nxe5+ Kg8 22. Kg2 Qf6 23. Nd7 f3+ 1-0